000 00809cam a2200265 a 4500
001 000005922
005 20200929151836.0
008 810724s1999 sp 000 d spa d
020 _a8489163618
040 _aDO-SdBNP
_dBNPHU
082 _a862.3
_bV422f
100 1 _aVega, Lope de,
_d1562-1635.
_93084
245 1 0 _aFuenteOvejuna /
_cLope de Vega; edición de Jorge A. Mestas.
260 _aMadrid :
_bM. J. ,
_c1999.
300 _a124 p. ;
_c19 cm.
490 1 _aClásicos universales
490 1 _aEdición íntegra
_v26
650 4 _aTeatro español
_93071
650 4 _aLiteratura española
_ySIGLO XVI
_98688
700 1 _aMestas, Jorge A.,
_eed.
_916701
830 0 _aClásicos universales.
_pEdición íntegra ;
_v26.
_916679
910 _aCatalogación derivada
910 _aWM
049 _aBNGR
999 _c5718
_d5718